<?xml version="1.0" encoding="UTF-8"?>
<record
    xmlns:xsi="http://www.w3.org/2001/XMLSchema-instance"
    xsi:schemaLocation="http://www.loc.gov/MARC21/slim http://www.loc.gov/standards/marcxml/schema/MARC21slim.xsd"
    xmlns="http://www.loc.gov/MARC21/slim">

  <leader>04397nam a2200505 a 4500</leader>
  <controlfield tag="001">dia_4688</controlfield>
  <controlfield tag="003">CHAP</controlfield>
  <controlfield tag="005">20241118134600.0</controlfield>
  <controlfield tag="007">ta</controlfield>
  <controlfield tag="008">220117s2010    mx od  frm    001 0 spa d</controlfield>
  <datafield tag="010" ind1=" " ind2=" ">
    <subfield code="a">175378</subfield>
  </datafield>
  <datafield tag="040" ind1=" " ind2=" ">
    <subfield code="c">CHAP</subfield>
    <subfield code="a">mxchpua</subfield>
    <subfield code="e">rda</subfield>
  </datafield>
  <datafield tag="041" ind1="0" ind2=" ">
    <subfield code="a">spa</subfield>
    <subfield code="b">eng</subfield>
  </datafield>
  <datafield tag="090" ind1=" " ind2=" ">
    <subfield code="a">Tesis </subfield>
    <subfield code="b">V372</subfield>
    <subfield code="c">2010</subfield>
  </datafield>
  <datafield tag="100" ind1="1" ind2=" ">
    <subfield code="a">Vargas Zarate, Lizbeth</subfield>
  </datafield>
  <datafield tag="240" ind1="1" ind2="0">
    <subfield code="a">Validation of somatic cell count in milk as the standard NMX-F-700-COFOCALEC-2004 using chamber of Nuebauer.</subfield>
    <subfield code="l">Espa&#xF1;ol</subfield>
  </datafield>
  <datafield tag="245" ind1="1" ind2="0">
    <subfield code="a">Validaci&#xF3;n del control de c&#xE9;lulas som&#xE1;ticas en leche seg&#xFA;n la Norma NMX-F-700 COFOCALEC-2004 usando c&#xE1;mara de Neubauer /</subfield>
    <subfield code="c">Lizbeth Vargas Z&#xE1;rate</subfield>
  </datafield>
  <datafield tag="264" ind1=" " ind2=" ">
    <subfield code="a">Chapingo, M&#xE9;xico,</subfield>
    <subfield code="b">El autor,</subfield>
    <subfield code="c">2010</subfield>
  </datafield>
  <datafield tag="300" ind1=" " ind2=" ">
    <subfield code="a">x, 57 hojas :</subfield>
    <subfield code="b">gr&#xE1;ficas, diagramas, tablas, fotos +</subfield>
    <subfield code="e">1 CD-ROM</subfield>
  </datafield>
  <datafield tag="336" ind1=" " ind2=" ">
    <subfield code="2">rdacontent</subfield>
    <subfield code="a">texto</subfield>
    <subfield code="b">txt</subfield>
  </datafield>
  <datafield tag="337" ind1=" " ind2=" ">
    <subfield code="2">rdamedia</subfield>
    <subfield code="a">no mediado</subfield>
    <subfield code="b">n</subfield>
  </datafield>
  <datafield tag="338" ind1=" " ind2=" ">
    <subfield code="2">rdacarrier</subfield>
    <subfield code="a">volumen</subfield>
    <subfield code="b">nc</subfield>
  </datafield>
  <datafield tag="500" ind1=" " ind2=" ">
    <subfield code="a">El CD contiene reporte</subfield>
  </datafield>
  <datafield tag="502" ind1=" " ind2=" ">
    <subfield code="a">Tesis</subfield>
    <subfield code="b">(Ingeniero Agroindustrial) --</subfield>
    <subfield code="c">UACh. Departamento de Ingenier&#xED;a Agroindustrial,</subfield>
    <subfield code="d">2010</subfield>
  </datafield>
  <datafield tag="504" ind1=" " ind2=" ">
    <subfield code="a">Bibliograf&#xED;a: hojas 50-56</subfield>
  </datafield>
  <datafield tag="520" ind1="3" ind2=" ">
    <subfield code="a">Las c&#xE9;lulas som&#xE1;ticas est&#xE1;n constituidas por una asociaci&#xF3;n de leucocitos y c&#xE9;lulas epiteliales, se introducen en la leche en respuesta a la inflamaci&#xF3;n que puede aparecer debido a una enfermedad o a una lesi&#xF3;n. Las c&#xE9;lulas som&#xE1;ticas son indicadoras de procesos que est&#xE1;n sucediendo en la leche como lo es una disminuci&#xF3;n en la concentraci&#xF3;n de los componentes m&#xE1;s importantes de la leche, como la grasa, prote&#xED;na y s&#xF3;lidos totales. La cuenta de c&#xE9;lulas som&#xE1;ticas es un par&#xE1;metro importante para determinar la calidad de la leche por lo cual se han creado diversos m&#xE9;todos que nos permiten conocer la cantidad de c&#xE9;lulas som&#xE1;ticas por mililitro de leche. El presente trabajo tuvo como prop&#xF3;sito validar el m&#xE9;todo alternativo para cuenta de c&#xE9;lulas som&#xE1;ticas seg&#xFA;n la norma NMX-F-700-COFOCALEC-2004 para leche cruda. El m&#xE9;todo se basa en el uso de la c&#xE1;mara de Neubauer. A muestras de leche provenientes de vacas Holstein de la Unidad de Tecnolog&#xED;a Lechera de Universidad Aut&#xF3;noma Chapingo se les realiz&#xF3; cuenta de c&#xE9;lulas som&#xE1;ticas como marca la norma y con la c&#xE1;mara de Neubauer. Se compararon ambos resultados por medio de la prueba de t de Student para muestras pareadas con un ?=0.05, y se obtuvo que no hay diferencia significativa entre ambos m&#xE9;todos, por lo que se determin&#xF3; que la metodolog&#xED;a con la c&#xE1;mara de Neubauer puede ser usada como un m&#xE9;todo confiable. --</subfield>
  </datafield>
  <datafield tag="520" ind1="3" ind2=" ">
    <subfield code="a">Somatic cells are formed by an association of leukocytes and epithelial cells are introduced into the milk in response to inflammation that can occur due to illness or injury. Somatic cells are indicative of processes that are happening in the milk as a decrease in the concentration of the major components of milk for example as fat, protein and total solids. Somatic cell count is an important parameter to determine the quality of milk which has developed various methods that let us know the number of somatic cells per milliliter of milk. The present research was conducted to validate the alternative method for somatic cell count as the norm NMX-F-700-COFOCALEC-2004 for raw milk. The method is based on using Neubauer chamber. Samples of milk from Holstein cows from the Dairy Technology Unit Chapingo were performed extracted to evaluate somatic cell count by both methods: the standard and the Neubauer chamber. Results were compared using the Student t test for paired samples with ? = 0.05, and obtained no significant difference between both methods. Therefore, the alternative method based on the Neubauer camera can be used as a reliable method.</subfield>
  </datafield>
  <datafield tag="650" ind1="1" ind2="3">
    <subfield code="a">Calidad de la leche  </subfield>
    <subfield code="2">atg</subfield>
  </datafield>
  <datafield tag="650" ind1="1" ind2="3">
    <subfield code="a">Conteo de c&#xE9;lulas som&#xE1;ticas  </subfield>
    <subfield code="2">atg</subfield>
  </datafield>
  <datafield tag="650" ind1="1" ind2="3">
    <subfield code="a">Leche  </subfield>
    <subfield code="2">atg</subfield>
  </datafield>
  <datafield tag="650" ind1="1" ind2="3">
    <subfield code="a">Milk  </subfield>
    <subfield code="2">atg</subfield>
  </datafield>
  <datafield tag="650" ind1="1" ind2="3">
    <subfield code="a">Milk quality  </subfield>
    <subfield code="2">atg</subfield>
  </datafield>
  <datafield tag="650" ind1="1" ind2="3">
    <subfield code="a">Somatic cell count</subfield>
    <subfield code="2">atg</subfield>
  </datafield>
  <datafield tag="700" ind1="1" ind2=" ">
    <subfield code="a">Santos Moreno, Armando</subfield>
    <subfield code="e">director</subfield>
  </datafield>
  <datafield tag="700" ind1="1" ind2=" ">
    <subfield code="a">Flores Gir&#xF3;n, Emmanuel</subfield>
    <subfield code="e">asesor</subfield>
  </datafield>
  <datafield tag="700" ind1="1" ind2=" ">
    <subfield code="a">Ybarra Moncada, Ma. Carmen</subfield>
    <subfield code="e">asesora</subfield>
  </datafield>
  <datafield tag="856" ind1="4" ind2="1">
    <subfield code="u">http://10.13.5.2/tesis/111766.pdf</subfield>
    <subfield code="y">DESCARGAR PDF</subfield>
  </datafield>
  <datafield tag="901" ind1=" " ind2=" ">
    <subfield code="a">TESIS V372 2010</subfield>
  </datafield>
  <datafield tag="902" ind1=" " ind2=" ">
    <subfield code="a">M</subfield>
  </datafield>
  <datafield tag="905" ind1=" " ind2=" ">
    <subfield code="a">5232272010                          mx dnl 8223123322spa16</subfield>
  </datafield>
  <datafield tag="942" ind1=" " ind2=" ">
    <subfield code="c">TESIS</subfield>
    <subfield code="2">Clasificaci&#xF3;n Universidad Aut&#xF3;noma Chapingo</subfield>
  </datafield>
  <datafield tag="999" ind1=" " ind2=" ">
    <subfield code="c">175378</subfield>
    <subfield code="d">175378</subfield>
  </datafield>
  <datafield tag="952" ind1=" " ind2=" ">
    <subfield code="0">0</subfield>
    <subfield code="1">0</subfield>
    <subfield code="2">local</subfield>
    <subfield code="4">0</subfield>
    <subfield code="5">5</subfield>
    <subfield code="7">0</subfield>
    <subfield code="8">TESIS</subfield>
    <subfield code="a">IA_</subfield>
    <subfield code="b">IA_</subfield>
    <subfield code="d">2022-01-18</subfield>
    <subfield code="e">El autor</subfield>
    <subfield code="l">2</subfield>
    <subfield code="o">Tesis V372 2010</subfield>
    <subfield code="p">1101001333</subfield>
    <subfield code="r">2024-11-28 16:06:22</subfield>
    <subfield code="s">2024-11-28</subfield>
    <subfield code="t">Ej. 3</subfield>
    <subfield code="w">2022-01-18</subfield>
    <subfield code="y">CD</subfield>
  </datafield>
  <datafield tag="952" ind1=" " ind2=" ">
    <subfield code="0">0</subfield>
    <subfield code="1">0</subfield>
    <subfield code="2">local</subfield>
    <subfield code="4">0</subfield>
    <subfield code="5">1</subfield>
    <subfield code="7">0</subfield>
    <subfield code="8">TESIS</subfield>
    <subfield code="a">IA_</subfield>
    <subfield code="b">IA_</subfield>
    <subfield code="d">2022-01-18</subfield>
    <subfield code="e">El autor</subfield>
    <subfield code="l">0</subfield>
    <subfield code="o">Tesis V372 2010</subfield>
    <subfield code="p">1101001253</subfield>
    <subfield code="r">2026-02-02 00:00:00</subfield>
    <subfield code="t">Ej. 1</subfield>
    <subfield code="y">TESIS</subfield>
  </datafield>
  <datafield tag="952" ind1=" " ind2=" ">
    <subfield code="0">0</subfield>
    <subfield code="1">0</subfield>
    <subfield code="2">local</subfield>
    <subfield code="4">0</subfield>
    <subfield code="5">1</subfield>
    <subfield code="7">0</subfield>
    <subfield code="8">TESIS</subfield>
    <subfield code="a">IA_</subfield>
    <subfield code="b">IA_</subfield>
    <subfield code="d">2022-01-18</subfield>
    <subfield code="e">El autor</subfield>
    <subfield code="l">0</subfield>
    <subfield code="o">Tesis V372 2010</subfield>
    <subfield code="p">1101001254</subfield>
    <subfield code="r">2022-01-18 00:00:00</subfield>
    <subfield code="t">Ej. 2</subfield>
    <subfield code="w">2022-01-18</subfield>
    <subfield code="y">CD</subfield>
  </datafield>
  <datafield tag="952" ind1=" " ind2=" ">
    <subfield code="0">0</subfield>
    <subfield code="1">0</subfield>
    <subfield code="2">local</subfield>
    <subfield code="4">0</subfield>
    <subfield code="7">0</subfield>
    <subfield code="8">TesDigL</subfield>
    <subfield code="a">IA_</subfield>
    <subfield code="b">IA_</subfield>
    <subfield code="c">E_L</subfield>
    <subfield code="d">2024-11-05</subfield>
    <subfield code="e">El autor</subfield>
    <subfield code="l">0</subfield>
    <subfield code="p">1201001253</subfield>
    <subfield code="r">2024-11-05 13:51:52</subfield>
    <subfield code="w">2024-11-05</subfield>
    <subfield code="y">TD</subfield>
  </datafield>
</record>
